| 000 | 01063nac a22003130a 4500 | ||
|---|---|---|---|
| 001 | PT42046 | ||
| 003 | AR-LpoUNG | ||
| 005 | 20260115123231.0 | ||
| 008 | 201001s2011||||ag |||||||||||||||||spa d | ||
| 020 |
_a9789876300957 _c$5.25 |
||
| 040 |
_aAR-LpoUNG _bspa _eaacr |
||
| 041 | _aspa | ||
| 044 | _aag | ||
| 082 | 0 | _a428 198v1 | |
| 100 | 1 | _aMagno, Cristina | |
| 245 | 1 | 0 |
_aLectocomprensión en inglés : _bmódulo I |
| 250 | _a2da. ed. | ||
| 260 |
_aBuenos Aires : _bUniversidad Nacional de General Sarmiento, _c2011. |
||
| 300 |
_a143 p. : _btbls. |
||
| 490 | 0 | _aLectocomprensión en inglés | |
| 520 | _aEl objetivo de este curso es posibilitar la comprensión de textos auténticos en idioma inglés, lo que le permitirá al alumno incrementar su autonomía intelectual, insertarse en el mundo laboral y seguir sus estudios superiores. | ||
| 650 | 4 | _aENSEÑANZA DE IDIOMAS | |
| 650 | 4 | _aLABORATORIOS DE IDIOMAS | |
| 650 | 4 | _aLENGUA INGLESA | |
| 650 | 4 | _aLINGÜISTICA | |
| 700 | 1 | _aScagnetti, Andrea | |
| 905 | _a42046 | ||
| 942 |
_cLIB _2ddc |
||
| 999 |
_c49505 _d49505 |
||